U.S. Cities With An IKEA - Statistics

General Stats
  • This quiz has been taken 131 times
  • The average score is 32 of 38
Answer Stats
# of IKEA's Answer % Correct
2 Dallas/Fort Worth
98%
4 Los Angeles
98%
4 New York City
98%
2 Chicago
96%
1 Houston
96%
1 Seattle
95%
2 Miami
93%
1 Minneapolis/St. Paul
92%
1 San Diego
92%
2 San Francisco
92%
1 Denver
91%
2 Philadelphia
91%
1 Austin/Round Rock
90%
1 Boston
90%
1 Phoenix
90%
1 Portland
90%
2 Washington D.C.
90%
1 Atlanta
88%
1 Orlando
87%
1 Tampa
87%
1 Detroit
85%
1 Indianapolis
85%
1 San Antonio
85%
1 Baltimore
82%
1 Charlotte
82%
1 Jacksonville
82%
1 Kansas City
82%
1 Pittsburgh
81%
1 Memphis
79%
1 St. Louis
79%
1 Columbus
78%
1 Cincinnati
77%
1 Milwaukee
77%
1 Las Vegas
76%
1 Salt Lake City
70%
1 Sacramento
69%
1 Norfolk
30%
1 New Haven
23%
No matching quizzes found
Score Distribution
Percent of People with Each Score
Percentile by Number Answered
Your Score History
You have not taken this quiz